000 00701nam a22002657a 4500
001 BR0603186
003 BR-BrBNA
005 20230928102222.0
007 ta
008 230509b bl.||||| |||| 00| 0 por d
040 _aBR-BrBNA
_bpor
_cBiblioteca Nacional de Agricultura
041 _a(Por)
072 _aE13
090 _ E13 BR0603186
110 1 _aBolsa de Mercadorias Futuros, São Paulo, SP (Brasil)
245 1 _aRelatório agropecuário mensal; março/2006
260 3 _aSão Paulo, SP (Brasil):
_c2006.
300 _a43 p.
650 _aAGRICULTURA
650 _aPECUÁRIA
650 _aMERCADO
650 _aCONTRATO
909 _a202309
_bLucia
_c55
_dLucia Elande
942 _cBK
999 _c69708
_d69708